000
00303nam a2200121Ia 4500
008
240624s9999 xx 000 0 und d
041
_a
eng
082
_a
004 PRA
100
_a
PRABHU C S R
245
_a
GRID AND CLUSTER COMPUTING
260
_c
2008
_a
New Delhi
_b
Prentice-Hall of India
365
_c
RS
_b
36
999
_c
10693
_d
10693